Introducción a las computadoras y a los sistemas de información

Bibliographic Details
Main Author: Long, Larry
Format: Section = Libro
Language:Undetermined
Spanish
Published: México Prentice Hall 1999
Edition:5a.ed.
Subjects:
LEADER 00709nam a2200229Ia 4500
008 240829s9999 xx 000 0 und d
020 |a 970-17-0262-X 
040 |a BIBLIOTECA-RUPAP 004 L848 
041 |a spa 
082 |a 004 L848 
100 1 |a Long, Larry 
245 1 0 |a Introducción a las computadoras y a los sistemas de información 
250 |a 5a.ed. 
260 |a México  |b Prentice Hall  |c 1999 
300 |a 416 p. :il. 
650 7 |a CIENCIA DE LAS COMPUTADORAS - SISTEMAS DE INFORMACION 
650 7 |b  HISTORIA COMPUTADORAS INTERNET 
650 7 |c  WINDOWS BASE DE DATOS 
650 7 |d  LENGUAJES DE PROGRAMACIÓN. I. Long, Nancy, coaut. II. Tít. 
942 |c BK  |2 ddc 
991 |a TEXTO 
999 |c 7038